<?xml version="1.0" encoding="UTF-8"?>
<record
    xmlns:xsi="http://www.w3.org/2001/XMLSchema-instance"
    xsi:schemaLocation="http://www.loc.gov/MARC21/slim http://www.loc.gov/standards/marcxml/schema/MARC21slim.xsd"
    xmlns="http://www.loc.gov/MARC21/slim">

  <leader>01035nam a22002777a 4500</leader>
  <controlfield tag="003">OSt</controlfield>
  <controlfield tag="005">20150617172911.0</controlfield>
  <controlfield tag="008">150603s2015    spca||| r|||| 0|1 0 cat|d</controlfield>
  <datafield tag="017" ind1=" " ind2=" ">
    <subfield code="a">DL B. 12579-2014</subfield>
  </datafield>
  <datafield tag="020" ind1=" " ind2=" ">
    <subfield code="a">9788486469634</subfield>
  </datafield>
  <datafield tag="040" ind1=" " ind2=" ">
    <subfield code="b">cat</subfield>
    <subfield code="c">CDMR</subfield>
  </datafield>
  <datafield tag="100" ind1="1" ind2=" ">
    <subfield code="a">Borr&#xE0;s, Jordi</subfield>
    <subfield code="q">(Borr&#xE0;s Abell&#xF3;)</subfield>
  </datafield>
  <datafield tag="245" ind1="1" ind2="0">
    <subfield code="a">Plus ultra </subfield>
    <subfield code="b">: una cr&#xF2;nica gr&#xE0;fica de l'espanyolisme a Catalunya </subfield>
    <subfield code="c">Jordi Borr&#xE0;s ; pr&#xF2;legs de Matthew Tree, Roger Prims i Carles Vi&#xF1;as</subfield>
  </datafield>
  <datafield tag="260" ind1=" " ind2=" ">
    <subfield code="a">Barcelona </subfield>
    <subfield code="b">Pol&#xB7;len Edicions</subfield>
    <subfield code="c">2015</subfield>
  </datafield>
  <datafield tag="300" ind1=" " ind2=" ">
    <subfield code="a">350 p. </subfield>
    <subfield code="b">il. col. </subfield>
    <subfield code="c">24 x 26 cm</subfield>
  </datafield>
  <datafield tag="490" ind1="0" ind2=" ">
    <subfield code="a">De l'ull al dit</subfield>
  </datafield>
  <datafield tag="504" ind1=" " ind2=" ">
    <subfield code="a">Refer&#xE8;ncies bibliogr&#xE0;fiques. &#xCD;ndex</subfield>
  </datafield>
  <datafield tag="546" ind1=" " ind2=" ">
    <subfield code="a">Text en catal&#xE0;, angl&#xE8;s i castell&#xE0;</subfield>
  </datafield>
  <datafield tag="650" ind1=" " ind2="7">
    <subfield code="a">Extrema dreta</subfield>
    <subfield code="z">Catalunya</subfield>
    <subfield code="x">Llibres de l&#xE0;mines</subfield>
    <subfield code="2">lemac</subfield>
  </datafield>
  <datafield tag="650" ind1=" " ind2="7">
    <subfield code="a">Manifestacions</subfield>
    <subfield code="z">Catalunya</subfield>
    <subfield code="x">Llibres de l&#xE0;mines</subfield>
    <subfield code="2">lemac</subfield>
  </datafield>
  <datafield tag="650" ind1="0" ind2="4">
    <subfield code="a">Fotoperiodisme</subfield>
    <subfield code="z">Catalunya</subfield>
    <subfield code="x">Llibres de l&#xE0;mines</subfield>
    <subfield code="9">1270</subfield>
  </datafield>
  <datafield tag="700" ind1="1" ind2=" ">
    <subfield code="a">Tree, Matthew,</subfield>
    <subfield code="d">1958-</subfield>
  </datafield>
  <datafield tag="700" ind1="1" ind2=" ">
    <subfield code="a">Prims, Roger</subfield>
  </datafield>
  <datafield tag="700" ind1="1" ind2=" ">
    <subfield code="a">Vi&#xF1;as, Carles</subfield>
    <subfield code="q">(Vi&#xF1;as Gr&#xE0;cia),</subfield>
    <subfield code="d">1972-</subfield>
  </datafield>
  <datafield tag="942" ind1=" " ind2=" ">
    <subfield code="c">MON</subfield>
  </datafield>
  <datafield tag="999" ind1=" " ind2=" ">
    <subfield code="c">6871</subfield>
    <subfield code="d">6871</subfield>
  </datafield>
  <datafield tag="952" ind1=" " ind2=" ">
    <subfield code="0">0</subfield>
    <subfield code="1">0</subfield>
    <subfield code="4">0</subfield>
    <subfield code="7">0</subfield>
    <subfield code="a">CDMR</subfield>
    <subfield code="b">CDMR</subfield>
    <subfield code="d">2015-06-17</subfield>
    <subfield code="e">Intercanvi</subfield>
    <subfield code="g">30.00</subfield>
    <subfield code="l">1</subfield>
    <subfield code="m">1</subfield>
    <subfield code="o">Ar 7</subfield>
    <subfield code="p">CDMR15061618</subfield>
    <subfield code="r">2015-10-27</subfield>
    <subfield code="s">2015-09-07</subfield>
    <subfield code="v">30.00</subfield>
    <subfield code="w">2015-06-17</subfield>
    <subfield code="y">MON</subfield>
  </datafield>
</record>
